01047 a2200181 45000010006000000050017000060080041000230030015000640400040000790800080001192450086001990200022002852640040003073000033003475050445003800410008008251000032008334251320260407155714.0260407a2016 arg spa dAR-UNSa-BCEJYS aAR-UNSa-BCEJYSbspacAR-UNSa-BCEJYS a26(09)(826.7)xHistoria de la Iglesia en Salta. Iglesia Católica en Salta10aNicolás Videla del Pino. Primer Obispo de SaltapDocumentación archivística a978-84-16467-42-0 1aSalta :bArzobispado de Saltac2016 a2 v. (771 ; 1002 p.)c22 cm. aVol. I: Sección archivística I: I. Documentación de los archivos secretos del Vaticano (ASV) - II. Documentación en el archivo de la Curía Eclesiástica de Salta (ACE)- Sección archivística II: III. Documentación en el archivo del Arzobispado de Córdoba (AAC) - IV. Documentación del archivo general de Indias (AGI)- V. Documentación del Archivo Histórico de la Provincia de Salta (AHS)-- Vol. II: Cuerpo documental aspa1 aSánchez Pérez, Emiliano